00538nam a2200181Ia 450000500170000000800410001702000180005804100120007608200170008810000230010524500870012825000120021526000570022730000150028465000170029965000180031665000220033420260429112044.0260429s9999||||xx |||||||||||||| ||und|| a9789369679119 aEnglish a659.144bRAI aRai, Praveen Kumar 0aDigital advertising : bissues and trends in an online world / cPraveen Kumar Rai a1st ed. aNew Delhi : bScientific Books International,c2026. a270 p.; hb a Advertising a Online media aDigital marketing